Normal view
MARC view
- Young
Entry Personal Name
001 - CONTROL NUMBER
- control field: 126963
003 - CONTROL NUMBER IDENTIFIER
- control field: NUST
005 - DATE AND TIME OF LATEST TRANSACTION
- control field: 20241119105750.0
008 - FIXED-LENGTH DATA ELEMENTS
- fixed length control field: 241119|| aca||aabn | a|a d
040 ## - CATALOGING SOURCE
- Original cataloging agency: NUST
- Transcribing agency: NUST
100 ## - HEADING--PERSONAL NAME
- Personal name: Young
670 ## - SOURCE DATA FOUND
- Source citation: Work cat.: (NUST): Young, University physics , 1996.
